|
|
|
|
| LEADER |
00760nta a2200169 i 4500 |
| 001 |
dipl30835 |
| 005 |
20130314091312.0 |
| 008 |
111121s2007 hu om 0|| zxx d |
| 040 |
|
|
|a SZTE Diploma Repozitórium
|b hun
|
| 041 |
|
|
|a zxx
|
| 100 |
1 |
|
|a Rózsa Gellért Ákos
|
| 245 |
1 |
2 |
|a A munkavállalók jogai Magyarországon és az Európai Unióban
|h [elektronikus dokumentum] /
|c Gellért Ákos Rózsa
|
| 246 |
1 |
0 |
|a A munkavállalók jogai Magyarországon és az Európai Unióban = The rights of employees in Hungary and in the European Union
|h [elektronikus dokumentum]
|
| 260 |
|
|
|c 2007
|
| 650 |
|
4 |
|a Jogi és igazgatási tanulmányok
|
| 700 |
1 |
|
|a Dabis Erzsébet
|e ths
|
| 856 |
4 |
0 |
|u http://diploma.bibl.u-szeged.hu/id/eprint/30835/1/2007_rozsa_gellert.pdf
|z Dokumentum-elérés
|